000 01269nam a22002057a 4500
999 _c60265
_d60265
003 Ge_BSU
005 20230623102243.0
008 230623s2015 ge ||||| |||| 00| 0 geo d
020 _a2233-3401
041 _ageo
080 _a378.4(479.22)(063) კ-89
245 _aკულტურათაშორისი დიალოგები :
_bშრომები. III საერთაშორისო სამეცნიერო კონფერენცია /
_cიაკობ გოგებაშვილის სახელობის თელავის სახელმწიფო უნივერსიტეტი.
264 _aთელავი :
_b მერიდიანი,
_c2015.
300 _a670 გვ. ;
_b28 სმ.
500 _aყდა და თავფურცელი ქართულ და ინგლისურ ენებზე.
653 _aშრომები
653 _aსაერთაშორისო სამეცნიერო კონფერენცია
710 _aიაკობ გოგებაშვილის სახელობის თელავის სახელმწიფო უნივერსიტეტი.
_91070
942 _2udc
_cBK